000 01163cam a2200361 a 4500
001 16641760
003 OSt
005 20200125133342.0
008 101013s2011 ii a b 001 0 eng
010 _a 2010317669
020 _a9788184840988
020 _a8184840985
025 _aI-E-2010-317669; 84-90
035 _a(OCoLC)ocn677915187
035 _a(OCoLC)677915187
037 _aLibrary of Congress -- New Delhi Overseas Office
040 _aDKAGE
_beng
_coclc
_dDLC
042 _alccopycat
_alcode
043 _aa-ii---
050 0 0 _aHG3284
_b.B2675 2011
082 0 4 _a332.10954
_222
_bSUM/B
100 _91560
_aSumathy, M
245 0 0 _aBanking industry in India /
_c M. Sumathy.
260 _aNew Delhi :
_bRegal Publications,
_cc2011.
300 _ax, 173 p. :
_bill. ;
_c23 cm.
500 _aContributed articles.
504 _aIncludes bibliographical references and index.
650 0 _aBanks and banking
_zIndia.
700 1 _aSumathy, M.
906 _a7
_bcbc
_ccopycat
_d3
_encip
_f20
_gy-gencatlg
942 _2ddc
_cBK
_h332.10954
_iSUM/B
_k332.10954
_mSUM/B
999 _c8065
_d8065